000 00377 a2200157 4500
001 191224
020 _a85-06-03109-5
040 _cMagnum
100 _aVilela, Antonio Carlos
240 1 0 _aCoisas que todo garoto deve saber
_lpor
245 1 0 _aCoisas que todo garoto deve saber
300 _a103
440 1 _aMelhoramentos
697 _aLITERATURA JUVENIL
942 _cBK
999 _c191224
_d191224